LEADER 01207cam--2200349---450 001 990003427880203316 005 20200706143105.0 035 $a000342788 035 $aUSA01000342788 035 $a(ALEPH)000342788USA01 035 $a000342788 100 $a20100720d2006----km-y0itay50------ba 101 0 $aita 102 $aIT 105 $aa---||||001yy 200 1 $aRaffaello Lambruschini: autorità e libertà nell'educazione$eun esponente italiano del pensiero cattolico liberale$fEmilio La Greca 210 $aAcciaroli$cEdizioni del Centro di Promozione culturale per il Cilento$d2006 215 $a78 p.$cill.$d24 cm 300 $aIn testa al frontespizio : Nobilis Cilenti Academia 600 1$aLambruschini,$bRaffaello$xConcezione [della] Pedagogia$2BNCF 676 $a370.1 700 1$aLA GRECA,$bEmilio$0549376 801 0$aIT$bsalbc$gISBD 912 $a990003427880203316 951 $aII.4. 3898$b222548 LM$cII.4.$d00264946 959 $aBK 969 $aUMA 969 $aCAS 979 $aSENATORE$b90$c20100720$lUSA01$h1555 979 $aSENATORE$b90$c20100720$lUSA01$h1557 996 $aRaffaello Lambruschini: autorità e libertà nell'educazione$91109775 997 $aUNISA